00705nam a22002057a 450000500170000001000150001702000270003203500140005903700090007308200130008210000500009524500550014525000210020026000500022127000100027130000210028194200450030299900190034795201330036620241114115916.0 aENG-142624 c1995.00a9788178331652 aEN-126156 bDBAD a668.4222 aNiir Board of Consulants and Engineers973946 aResins/cby Niir Board of Consulants and Engineers a3rd Rev. Edition aDelhibAsia Pacific Business Press Inc.c2016 bDelhi a622p.c22cm(pbk) 2ddccENh668.4222mNIIe3rd Rev. Edition c206986d206986 001040708NFICaBNbBNd2024-11-14eDBADg1995.00l0o668.4222 NIIpEN-126156r2024-11-14 00:00:00t1v1995.00w2024-11-14yEN